Prachin bharatbarshar itihas (Minor1)/ (Record no. 12232)

MARC details
000 -LEADER
fixed length control field 00524nam a22001937a 4500
005 - DATE AND TIME OF LATEST TRANSACTION
control field 20250904092903.0
008 - FIXED-LENGTH DATA ELEMENTS--GENERAL INFORMATION
fixed length control field 250904b |||||||| |||| 00| 0 eng d
020 ## - INTERNATIONAL STANDARD BOOK NUMBER
International Standard Book Number 9789358490244
040 ## - CATALOGING SOURCE
Original cataloging agency IN-DiNC
Transcribing agency IN-DiNC
041 ## - LANGUAGE CODE
Language code of sung or spoken text Assamese
082 ## - DEWEY DECIMAL CLASSIFICATION NUMBER
Classification number 934
Item number BHU
100 ## - MAIN ENTRY--PERSONAL NAME
Personal name Bhuyan, Pranjal
Relator term Author
245 ## - TITLE STATEMENT
Title Prachin bharatbarshar itihas (Minor1)/
Statement of responsibility, etc. by Pranjal Bhuyan
250 ## - EDITION STATEMENT
Edition statement 1st ed.
260 ## - PUBLICATION, DISTRIBUTION, ETC.
Place of publication, distribution, etc. Dibrugarh:
Name of publisher, distributor, etc. Banalata,
Date of publication, distribution, etc. 2023.
300 ## - PHYSICAL DESCRIPTION
Extent 232p.
650 ## - SUBJECT ADDED ENTRY--TOPICAL TERM
Topical term or geographic name entry element History of ancient India (Minor1)
942 ## - ADDED ENTRY ELEMENTS (KOHA)
Source of classification or shelving scheme Dewey Decimal Classification
Koha item type Books
Holdings
Withdrawn status Lost status Source of classification or shelving scheme Damaged status Not for loan Collection code Home library Current library Shelving location Date acquired Cost, normal purchase price Total Checkouts Full call number Barcode Date last seen Copy number Price effective from Koha item type
    Dewey Decimal Classification     History Naharkatiya College Library Naharkatiya College Library General Stacks 04/09/2025 220.00   934 BHU 31142 04/09/2025 1 04/09/2025 Books
    Dewey Decimal Classification     History Naharkatiya College Library Naharkatiya College Library General Stacks 04/09/2025 220.00   934 BHU 31143 04/09/2025 2 04/09/2025 Books
    Dewey Decimal Classification     History Naharkatiya College Library Naharkatiya College Library General Stacks 04/09/2025 220.00   934 BHU 31144 04/09/2025 3 04/09/2025 Books

Naharkatiya College © 2020. All rights reserved.

Powered By